Statistics for Flags of Countries That Claim Antarctica

Click here to take the quiz!

General Stats

  • This quiz has been taken 25 times
  • The average score is 7 of 7

Answer Stats

Answer% Correct
Argentina
100%
Australia
100%
France
100%
New Zealand
100%
United Kingdom
100%
Norway
96%
Chile
87%

Score Distribution

Percentile by Number Answered

Percent of People with Each Score

Your Score History

You have not taken this quiz